000
00220pam a2200109 a 4500
020
_c
041
_h
245
_a
Navneet Standard Dictionary English - Marathi
300
_a
720
653
_a
Dictionary
930
_a
914
999
_c
246767
_d
246767